000 00905nam a22002777a 4500
001 9906
003 FISKH
005 20260313113634.0
008 260313b cb ||||| |||| 00| 0 eng d
020 _a0898283345
040 _aFISKH
_beng
_cFISKH
_dFISKH
050 _aPZ8 .C7 .P
082 _a853.8
100 _aCollodi , Carlo
245 _aPinocchio /
_cBy Carlo Collodi
260 _aNew York :
_bTuffy Books , Inc ,
_c1987 .
300 _a25 unnumbered pages :
_bcolor illustrations ;
_c17 cm .
505 _aJ
520 _aPinocchio, a wooden puppet full of tricks and mischief, with a talent for getting into and out of trouble, wants more than anything else to become a real boy.
521 8 _a500
_bLexile estimate
521 8 _aJ
_bRaz-Plus
650 _aPuppets
_vChildren's Books
650 _aPinocchio
_vChildren's Books
942 _2ddc
_cBK
_n0
999 _c9906
_d9906